| 000 | 00594nam a2200229Ia 4500 | ||
|---|---|---|---|
| 008 | 160418s9999 xx 000 0 und d | ||
| 020 | _a971-27-1426-8 | ||
| 050 | _aFIL DS 663 | ||
| 050 | _b.J63 2004 c.2 | ||
| 100 | _aJoaquin, Nick. | ||
| 245 | _aCulture and history / | ||
| 245 | _cNick Joaquin. | ||
| 260 | _aManila : | ||
| 260 | _bAnvil Pub. Inc., | ||
| 260 | _c2004 | ||
| 300 | _a410 pages : | ||
| 300 | _billustrations ; | ||
| 300 | _c24 cm. | ||
| 650 | _aCulture diffusion -- Philippines. | ||
| 650 | _aPhilippines -- Civilization. | ||
| 650 | _xPhilippines -- History. | ||
| 999 |
_c293552 _d293552 |
||